Educación y sociología /

Estudio que analiza la naturaleza y función social de la educación, así como su relación estrecha que guarda con la sociología. En un apartado final trata sobre la conciencia pedagógica en la educación secundaria en Francia.

Guardado en:
Detalles Bibliográficos
Autor principal: Durkheim, Emile (autor)
Otros autores: Vilariño, Idea (traducción) (traducción)
Formato: Libro
Idioma:Español
Publicado: Buenos Aires, Argentina : Schapire, 1974, c1974
Colección:(Tauro)
Temas:
Etiquetas: Agrega una etiqueta
Sin etiquetas, Sé el primero en etiquetar este registro!

MARC

LEADER 00000nam^a2200000^a^4500
001 000358129
005 20250521000000.0
008 150820 19741974
009 20260310115320.997
037 |a Acervo ITESO - Biblioteca 
041 |a ESP 
082 |a 370. 19  |b DUR 
100 |a Durkheim, Emile  |e (autor) 
240 1 1 |a [Educación y sociología] 
245 1 0 |a Educación y sociología /  |c E. Durkheim ; tr. por I. Vilariño. 
264 4 |a Buenos Aires, Argentina :  |b Schapire,  |c 1974, c1974 
300 |a 99 p. 
336 |a texto  |b txt  |2 rdacontenido 
337 |a sin mediación  |b n  |2 rdamedio 
338 |a volumen  |b nc  |2 rdasoporte 
440 1 |a (Tauro) 
500 |a Traducción de: Education et sociologie 
520 |a Estudio que analiza la naturaleza y función social de la educación, así como su relación estrecha que guarda con la sociología. En un apartado final trata sobre la conciencia pedagógica en la educación secundaria en Francia. 
649 |a XX 
650 |a Educación Media Básica -  |z Francia 
650 |a Educación y Sociedad -  |z Francia 
650 |a Educación y Sociedad 
650 |a Sociología de la Educación -  |x Tema Principal 
700 |a Vilariño, Idea  |e (traducción) 
910 |a Fondo General 
920 |a Impresos - Libros 
930 |a Colección General 
905 |a 101 
901 |a 0500250592  |b IT1  |c ACC  |i D72036  |u 20250521 
902 |a https://opac.biblio.iteso.mx/vufind/Record/000358129